La Gringa de Florencio Sánchez y otros textos sobre la inmigración (Record no. 19504)
[ view plain ]
| 000 -LEADER | |
|---|---|
| campo de control de longitud fija | 01106nmm a2200361 a 4500 |
| 003 - IDENTIFICADOR DE NÚMERO DE CONTROL | |
| campo de control | AR-BaBNM |
| 005 - FECHA Y HORA DE LA ÚLTIMA TRANSACCIÓN | |
| campo de control | 20251128211408.0 |
| 008 - DATOS DE LONGITUD FIJA--INFORMACIÓN GENERAL | |
| campo de control de longitud fija | 154020s1999 ||||||||||||||000 | spa|| |
| 020 ## - NÚMERO INTERNACIONAL ESTÁNDAR DEL LIBRO | |
| Número Internacional Estándar del Libro | 987-9216-70-9 |
| 040 ## - FUENTE DE CATALOGACIÓN | |
| Centro/agencia transcriptor | AR-BaBNM |
| 100 1# - ENTRADA PRINCIPAL--NOMBRE DE PERSONA | |
| Nombre de persona | Sánchez, Florencio |
| 245 10 - MENCIÓN DEL TÍTULO | |
| Título | La Gringa de Florencio Sánchez y otros textos sobre la inmigración |
| 260 ## - PUBLICACIÓN, DISTRIBUCIÓN, ETC. | |
| Lugar de publicación, distribución, etc. | Buenos Aires |
| Nombre del editor, distribuidor, etc. | Ameghino |
| Fecha de publicación, distribución, etc. | 1999 |
| 300 ## - DESCRIPCIÓN FÍSICA | |
| Extensión | 126 p. |
| 505 0# - NOTA DE CONTENIDO CON FORMATO | |
| Título | Negros y gringos de antes |
| Mención de responsabilidad | Wilde, José Antonio |
| 505 0# - NOTA DE CONTENIDO CON FORMATO | |
| Título | La pampa gringa |
| Mención de responsabilidad | Gori, Gastón |
| 505 0# - NOTA DE CONTENIDO CON FORMATO | |
| Título | Colonia Mauricio |
| Mención de responsabilidad | Mordejai, Alperson |
| 505 0# - NOTA DE CONTENIDO CON FORMATO | |
| Título | Un hijo del conventillo |
| Mención de responsabilidad | Cambaceres, Eugenio |
| 505 0# - NOTA DE CONTENIDO CON FORMATO | |
| Título | Psicología del inmigrante |
| Mención de responsabilidad | Ramos Mejía, José María |
| 505 0# - NOTA DE CONTENIDO CON FORMATO | |
| Título | El castigo |
| Mención de responsabilidad | Palazzo, Juan |
| 505 0# - NOTA DE CONTENIDO CON FORMATO | |
| Título | La invasión gringa |
| Mención de responsabilidad | Pedroni, José |
| 650 #4 - PUNTO DE ACCESO ADICIONAL DE MATERIA--TÉRMINO DE MATERIA | |
| Término de materia o nombre geográfico como elemento de entrada | TEATRO |
| 650 #4 - PUNTO DE ACCESO ADICIONAL DE MATERIA--TÉRMINO DE MATERIA | |
| Término de materia o nombre geográfico como elemento de entrada | INMIGRACION ARGENTINA |
| 650 #4 - PUNTO DE ACCESO ADICIONAL DE MATERIA--TÉRMINO DE MATERIA | |
| Término de materia o nombre geográfico como elemento de entrada | LITERATURA CONTEMPORANEA |
| 650 #4 - PUNTO DE ACCESO ADICIONAL DE MATERIA--TÉRMINO DE MATERIA | |
| Término de materia o nombre geográfico como elemento de entrada | REALISMO |
| 650 #4 - PUNTO DE ACCESO ADICIONAL DE MATERIA--TÉRMINO DE MATERIA | |
| Término de materia o nombre geográfico como elemento de entrada | ANTOLOGIAS |
| 653 ## - TÉRMINO DE INDIZACIÓN--NO CONTROLADO | |
| Término no controlado | LITERATURA URUGUAYA |
| 653 ## - TÉRMINO DE INDIZACIÓN--NO CONTROLADO | |
| Término no controlado | COSTUMBRISMO |
| 653 ## - TÉRMINO DE INDIZACIÓN--NO CONTROLADO | |
| Término no controlado | NATURALISMO |
| 655 ## - TERMINO DE INDIZACIÓN--GENERO/FORMA | |
| Datos o término principal de género/forma | LITERATURA |
| 942 ## - ELEMENTOS DE ENTRADA SECUNDARIOS (KOHA) | |
| Tipo de ítem Koha | Libros |
| 998 ## - INFORMACIÓN DE CONTROL LOCAL (RLIN) | |
| Iniciales del catalogador, CIN (RLIN) | alex |
| Estatus retirado | Estado de pérdida | Fuente de la clasificación o esquema de estantería | Estado de daño | Restricciones de uso | No para préstamo | Biblioteca de origen | Biblioteca actual | Fecha de adquisición | Total de préstamos | Signatura topográfica completa | Código de barras | Visto por última vez | Precio de reemplazo | Tipo de ítem Koha |
|---|---|---|---|---|---|---|---|---|---|---|---|---|---|---|
| Clasificación Decimal Dewey | Acceso restringido | No para préstamo | Liberty | Liberty | 28/11/2025 | 860[899] SANG | 131383 | 28/11/2025 | 28/11/2025 | Libros |